| 000 | 01056nam a2200313 a 4500 | ||
|---|---|---|---|
| 001 | 3077 | ||
| 003 | BD-RjUL | ||
| 005 | 20211208233654.0 | ||
| 008 | 131218s1972 enk b 001 0 eng | ||
| 020 | _a0333109511 (v.1) | ||
| 020 | _a0333109570 (v.1, pbk) | ||
| 020 | _a0333109643 (v.2, hbk) | ||
| 020 | _a0333109732 (v.2, pbk) | ||
| 035 | _a(BD-RjUL)3111 | ||
| 040 |
_aDLC _cDLC _dm.c _dBD-RjUL _beng |
||
| 041 | _aeng | ||
| 082 |
_221 _a338.5 _bREA 1972 |
||
| 245 | 0 | 0 |
_aReadings in industrial economics / _cedited by Charles K. Rowley. _nVol. 1 _pTheoretical foundations |
| 260 |
_aLondon : _bMacmillan, _c1972. |
||
| 300 |
_axxii, 266 p. ; _c22 cm. |
||
| 504 | _aIncludes bibliographical references and index. | ||
| 505 | 0 | _aVol. 1. Theoretical foundations -- v. 2. Private enterprise and state intervention. | |
| 650 | 0 |
_aIndustrial organization (Economic theory) _96101 |
|
| 650 | 0 |
_aExternalities (Economics) _99768 |
|
| 650 | 0 |
_aIndustrial policy. _99769 |
|
| 700 | 1 |
_aRowley, Charles Kershaw. _96099 |
|
| 942 |
_2ddc _cBK |
||
| 999 |
_c3077 _d3077 |
||